Từ điển bách khoa nông nghiệp

Đã lưu trong:
书目详细资料
格式: 图书
语言:Undetermined
出版: Hà Nội Trung tâm Quốc gia biên soạn từ điển Bách khoa Việt Nam 1991
主题:
标签: 添加标签
没有标签, 成为第一个标记此记录!
Thư viện lưu trữ: Trung tâm Học liệu Trường Đại học Cần Thơ
LEADER 00597nam a2200169Ia 4500
001 CTU_20309
008 210402s9999 xx 000 0 und d
082 |a 630.3 
082 |b T550 
245 0 |a Từ điển bách khoa nông nghiệp 
245 0 |c Hội đồng quốc gia biên soạn từ điển bách khoa Việt Nam 
260 |a Hà Nội 
260 |b Trung tâm Quốc gia biên soạn từ điển Bách khoa Việt Nam 
260 |c 1991 
650 |a Agriculture 
650 |x Dictionaries 
980 |a Trung tâm Học liệu Trường Đại học Cần Thơ